| 000 | 00000nam##2200000za#4500 |
| 001 | 9.647109 |
| 003 | CaOODSP |
| 005 | 20200428124320 |
| 007 | ta |
| 008 | 150407|1998||||xxc||||| f|0| 0 eng|d |
| 020 | |a1-895643-72-4 |
| 040 | |aCaOODSP|beng |
| 043 | |an-cn--- |
| 086 | 1 |aEn133-37/1998E |
| 110 | 2 |aNational Round Table on the Environment and the Economy (Canada) |
| 245 | 10|aSustainable strategies for oceans: a co-management guide |
| 260 | |aOttawa - Ontario : |bNational Round Table on the Environment and the Economy |c1998. |
| 300 | |a85p. : |c23 cm. |
| 500 | |aContents: Oceans stewardship is a key Canadian sustainability issue.--The new wave in ocean activity management.--Defining co-management.--The road to successful co-management regimes.--Co-management issues to be resolved.--Conclusions and recommendations.--Appendices.--Bibliography. |
| 504 | |aBibliography. |
| 563 | |aSoftcover |
| 590 | |a98-37|b1998-09-11 |
| 690 | 07|aOceans|2gcpds |
| 775 | 08|tStratégies de gestion viable des océans: guide de cogestion |w(CaOODSP)9.680570 |
| 776 | 0#|tSustainable strategies for oceans : |w(CaOODSP)9.695020 |